|
|
|
|
| LEADER |
01344nam a2200349 a 4500 |
| 001 |
000069231 |
| 003 |
CZ BrMZK |
| 005 |
20230620100350.0 |
| 007 |
ta |
| 008 |
950313s1996 xr e f 0 cze d |
| 015 |
|
|
|a cnb000097528
|
| 020 |
|
|
|a 80-85297-75-2
|
| 035 |
|
|
|a (OCoLC)37961603
|
| 040 |
|
|
|a BOA001
|b cze
|
| 072 |
|
7 |
|a 004.4/.6
|x Programování. Software
|2 Konspekt
|9 23
|
| 080 |
|
|
|a 004.451.9Windows
|2 MRF
|
| 080 |
|
|
|a 004.72:004.451
|2 MRF
|
| 080 |
|
|
|a (035)
|2 MRF
|
| 100 |
1 |
|
|a Cafourek, Bohdan,
|d 1965-
|7 mzk2003196150
|4 aut
|
| 245 |
1 |
0 |
|a Windows NT Server verze 3.51 :
|b příručka správce a uživatele /
|c Bohdan Cafourek.
|
| 260 |
|
|
|a Praha :
|b Plus,
|c 1996
|
| 300 |
|
|
|a viii, 504 s. ;
|c 24 cm
|
| 500 |
|
|
|a Bibliogr.
|
| 650 |
0 |
7 |
|a Microsoft Windows NT Server (operační systém)
|7 ph117810
|2 czenas
|
| 650 |
0 |
7 |
|a síťové operační systémy
|7 ph126395
|2 czenas
|
| 655 |
|
7 |
|a příručky
|7 fd133209
|2 czenas
|
| 910 |
|
|
|a BOA001
|b 2-1020.775
|b TK-0258.860
|
| 920 |
|
|
|a 000069007
|
| 990 |
|
|
|a BK
|
| 996 |
6 |
|
|b 2610036720
|c 2-1020.775
|l MZK
|r Sklad / do 1 hodiny
|n 11
|p p.v.
|w 000069231
|u 000010
|a 1
|e BOA001
|j MZK50
|s P
|
| 996 |
7 |
|
|b 2620003893
|c TK-0258.860
|l MZK
|r Sklad / do 24 hodin
|n 2
|p kup
|w 000069231
|u 000020
|a 1
|e BOA001
|j MZK50
|s A
|
| 996 |
7 |
|
|b 2620004134
|c TK-0258.860
|l MZK
|r Sklad / do 24 hodin
|n 1
|p kup
|w 000069231
|u 000030
|a 1
|e BOA001
|j MZK50
|s A
|